Karnatakadalli satipaddati (Record no. 96846)

MARC details
000 -LEADER
fixed length control field 00629nam a2200217Ia 4500
003 - CONTROL NUMBER IDENTIFIER
control field OSt
005 - DATE AND TIME OF LATEST TRANSACTION
control field 20260627094230.0
008 - FIXED-LENGTH DATA ELEMENTS--GENERAL INFORMATION
fixed length control field 210210b1991 xxu||||| |||| 00| 0 eng d
040 ## - CATALOGING SOURCE
Transcribing agency AL
041 ## - LANGUAGE CODE
Language code of text/sound track or separate title kan
082 ## - DEWEY DECIMAL CLASSIFICATION NUMBER
Classification number 306.88K SHEK
100 ## - MAIN ENTRY--PERSONAL NAME
Personal name Shete B S
9 (RLIN) 166904
110 ## - MAIN ENTRY--CORPORATE NAME
Corporate name or jurisdiction name as entry element ಶೇಟೇ ಬಿ ಎಸ್
9 (RLIN) 266026
245 ## - TITLE STATEMENT
Title Karnatakadalli satipaddati
Remainder of title : ಕರ್ನಾಟಕದಲ್ಲಿ ಸತಿ ಪದ್ಧತಿ
260 ## - PUBLICATION, DISTRIBUTION, ETC.
Place of publication, distribution, etc. Belagavi
Name of publisher, distributor, etc. Veerashaiva adhyayana academy
Date of publication, distribution, etc. 1991
300 ## - PHYSICAL DESCRIPTION
Extent xvi,235p
650 ## - SUBJECT ADDED ENTRY--TOPICAL TERM
Topical term or geographic name entry element Sati
9 (RLIN) 166905
690 ## - LOCAL SUBJECT ADDED ENTRY--TOPICAL TERM (OCLC, RLIN)
Topical term or geographic name as entry element Marriage and Family
9 (RLIN) 166906
906 ## - LOCAL DATA ELEMENT F, LDF (RLIN)
a 047723
942 ## - ADDED ENTRY ELEMENTS (KOHA)
Source of classification or shelving scheme Dewey Decimal Classification
Koha item type Book
Holdings
Withdrawn status Lost status Source of classification or shelving scheme Damaged status Not for loan Collection code Home library Current library Shelving location Date acquired Source of acquisition Cost, normal purchase price Total Checkouts Full call number Barcode Date last seen Price effective from Koha item type
    Dewey Decimal Classification     Sociology St Aloysius Library St Aloysius Library Secondary stack section 02/17/2021 Athree Book Centre, Mangalore-01. 125.00   306.88K SHEK 047723 02/17/2021 02/17/2021 Book